000 00594nam a2200181Ia 4500
008 090124s9999 xx 000 0 und d
082 _b33706
100 _aदेऊऴगावकर अतुल
245 _a डऴमऴले भूमंडऴ
250 _a1
260 _bग्रंथाली प्रकाशन
_c1997
300 _a170
600 _aदेऊऴगावकर अतुल
630 _a डऴमऴले भूमंडऴ
700 _aदेऊऴगावकर अतुल
730 _a डऴमऴले भूमंडऴ
942 _cBOOK
999 _c99598
_d99598